| 000 | 01684nam a22001697a 4500 | ||
|---|---|---|---|
| 999 |
_c26952 _d26952 |
||
| 020 | _a9789388937443 | ||
| 082 | _a627.5254133 | ||
| 100 | _aDash, Baira Ganjan | ||
| 245 |
_aHistory of canal irrigation in coastal Orissa 1866-1947 _c/Baira Ganjan Dash |
||
| 260 |
_aNew Delhi _bConcept Publishing Company _c2020 |
||
| 300 | _a152p. | ||
| 520 | _aHistory of Canal Irrigation in Coastal Orissa: 1866-1947 presents an authoritative description of the history of what was known as canal system in coastal colonial Orissa. The text is a strictly original work and primarily based on the author's research on economic history of Orissa. The main features of canal irrigation have been given in full detail for a clear-cut understanding of canal irrigation. Challenging earlier interpretations, the book moves away from a largely colonial or masterly narrative to a realistic history. The work provides a detailed account of the extension of canal irrigation system starting from its beginning. It also explains what led to the introduction of canal irrigation. A comprehensive study on various impacts of canal irrigation is also given and finally in disguisedly the book gives us important insights into the primary aim of the colonial rule which was the economic exploitation. A comprehensive textbook book for the students of economic history and interested readers, History of Canal Irrigation in Coastal Orissa: 1866-1947 is essential reading for a broader understanding of the economic history of colonial coastal Orissa. | ||
| 650 |
_aIrrigation _zIndia _zOdisha |
||
| 650 |
_a Irrigation canals and flumes _zIndia _zOdisha |
||
| 650 |
_aAgriculture _zIndia _zOdisha |
||
| 942 |
_2ddc _cBK |
||